=LDR 00000nam 2200000 4500 =001 INLIS000000000032295 =005 20130612134316 =008 ***********************************ind** =035 ##$$0010-061300000032295 =041 ##$$a ind =082 ##$$a 372.7 =090 ##$$a 372.7, Pur k =100 ##$$a Purwanto =245 ##$$a Kamus Matematika Dasar 5, Purwanto;Editor, Sudarsini =260 ##$$a 2008 $b Bandung =300 ##$$a 160 hlm, Ilus, 25 cm =650 ##$$a Pendidikan Dasar-Matematika =700 ##$$a Sudarsini =850 ##$$a NBPNMAT